| 000 | 01978cam a22004937a 4500 | ||
|---|---|---|---|
| 001 | 000093456 | ||
| 003 | CHAP | ||
| 005 | 20220329142936.0 | ||
| 008 | 050330d2005 mx bd r 00110 spa d | ||
| 010 | _a89922 | ||
| 011 | _a90894 | ||
| 035 | _a101451 | ||
| 040 | _cCHAP | ||
| 090 | _aTesis | ||
| 100 | 0 | 0 |
_aPérez Camargo, Hernán Efraín. _989557 |
| 245 | 1 | 0 |
_aMetaevaluación del programa uso eficiente del agua y la energía eléctrica, y su relación con los servicios ambientales hidrologicos (análisis técnico-económico y metodológico, considerando, Aguascalientes, Jalisco y Puebla de 1997 a 2000) / _c/por Hernán Efraín Pérez Camargo. |
| 260 |
_aChapingo, Méx. : _bEl autor, _c2005. |
||
| 300 |
_a177 h. : _bgráfs. ; mapas ; cuadros. |
||
| 502 | _aTesis (Ing. Agr. Esp. en Suelos) -- UACH. Departamento de Suelos | ||
| 590 |
_aALEPH _b10 _c20130110 _lUCH01 _h1505 |
||
| 590 |
_aBATCH-UPD _b10 _c20130110 _lUCH01 _h1612 |
||
| 590 |
_aBATCH-UPD _b10 _c20130410 _lUCH01 _h1007 |
||
| 590 |
_aBATCH-UPD _b10 _c20130914 _lUCH01 _h1258 |
||
| 590 |
_aBATCH-UPD _b10 _c20140324 _lUCH01 _h1450 |
||
| 590 |
_aBATCH-UPD _b10 _c20141001 _lUCH01 _h1312 |
||
| 590 |
_aBATCH-UPD _b10 _c20141002 _lUCH01 _h0825 |
||
| 590 |
_aCONVERSION _b10 _c20130109 _lUCH01 _h1350 |
||
| 590 |
_aE5765TAJ _b10 _c20130613 _lUCH01 _h1345 |
||
| 650 | 1 | 4 |
_aAgua _xUtilización. _92401 |
| 650 | 1 | 4 |
_aEcosistema. _935290 |
| 650 | 1 | 4 |
_aEnergía eléctrica. _936901 |
| 650 | 1 | 4 |
_aEnergía en agricultura. _936902 |
| 650 | 1 | 4 |
_aEnergía y agricultura. _936915 |
| 650 | 1 | 4 |
_aEnergía _xConsumo. _936884 |
| 650 | 1 | 4 |
_aRecursos forestales. _995025 |
| 650 | 1 | 4 |
_aRecursos naturales. _995172 |
| 856 |
_3Finding aid _uhttp://10.13.5.2/tesis/101451.pdf _zTeclea aquí |
||
| 901 | _aBK | ||
| 905 | _aMarco A. Mendoza T. | ||
| 942 | _cCD | ||
| 942 | _n0 | ||
| 949 |
_aTesis _bBC _cTES _d1014511 _eTS1 _gDonaciØn _h43607 _i101451 _sb |
||
| 949 |
_aTesis _bBC _cTES _d33724000954327 _eTS2 _fc.2 _gDonaciØn _h43608 _i101451 _si |
||
| 999 |
_c89922 _d89922 |
||